000
00405nam a2200145Ia 4500
008
100122s9999 xx 000 0 und d
082
_b
32923
_a
920
100
_a
मोंडकर ज आ
245
_a
तीन देवदूत
260
_b
ज.आ.मोंडकर
_c
1974
300
_a
190
630
_a
तीन देवदूत
730
_a
तीन देवदूत
942
_c
BOOK
999
_c
417243
_d
417240